000 00775nam a22002177a 4500
005 20081020102358.0
008 081020t xxu||||| |||| 00| 0 eng d
010 _aENG-84031
020 _a0195676378
020 _c675.00 (hb)
035 _aEN-67564
082 _a079.54 / MAK
245 _aMaking news:
_bhandbook of the media in contemporary India /
_cedited by Uday Sahay
260 _aNew Delhi
_bOxford University Press
260 _c2006
300 _axxii,281p
_c24cm
500 _aIncludes bibliographical references
700 _aSahay, Uday
_ced
942 _2ddc
_cEN
_h079.54
_mMAK
999 _c16998
_d16998